<?xml version="1.0" encoding="UTF-8"?>
<collection xmlns="http://www.loc.gov/MARC21/slim">
 <record>
  <leader>00953nam a2200241 a 4500</leader>
  <controlfield tag="001">13929298</controlfield>
  <controlfield tag="005">20130422150708.0</controlfield>
  <controlfield tag="008">130417s2005    dcuab         000 0 eng d</controlfield>
  <datafield tag="010" ind1=" " ind2=" ">
   <subfield code="a">  2005010265</subfield>
  </datafield>
  <datafield tag="020" ind1=" " ind2=" ">
   <subfield code="a">1597260401 (pbk. : alk. paper)</subfield>
  </datafield>
  <datafield tag="020" ind1=" " ind2=" ">
   <subfield code="a">1597260398 (cloth : alk. paper)</subfield>
  </datafield>
  <datafield tag="040" ind1=" " ind2=" ">
   <subfield code="a">DLC</subfield>
   <subfield code="c">DLC</subfield>
   <subfield code="d">YDX</subfield>
   <subfield code="d">BAKER</subfield>
   <subfield code="d">COO</subfield>
   <subfield code="d">DLC</subfield>
   <subfield code="d">BD-DhAAL</subfield>
  </datafield>
  <datafield tag="082" ind1="0" ind2="0">
   <subfield code="a">304.2</subfield>
   <subfield code="2">22</subfield>
  </datafield>
  <datafield tag="245" ind1="0" ind2="0">
   <subfield code="a">Ecosystems and human well-being :</subfield>
   <subfield code="b">synthesis </subfield>
  </datafield>
  <datafield tag="260" ind1=" " ind2=" ">
   <subfield code="a">Washington, DC :</subfield>
   <subfield code="b">Island Press,</subfield>
   <subfield code="c">c2005.</subfield>
  </datafield>
  <datafield tag="300" ind1=" " ind2=" ">
   <subfield code="a">x, 137 p. :</subfield>
   <subfield code="b">col. ill., col. maps ;</subfield>
   <subfield code="c">28 cm.</subfield>
  </datafield>
  <datafield tag="541" ind1=" " ind2=" ">
   <subfield code="e">00026805</subfield>
  </datafield>
  <datafield tag="650" ind1=" " ind2="0">
   <subfield code="a">Human ecology.</subfield>
  </datafield>
  <datafield tag="650" ind1=" " ind2="0">
   <subfield code="a">Ecosystem management.</subfield>
  </datafield>
  <datafield tag="710" ind1="2" ind2=" ">
   <subfield code="a">Millennium Ecosystem Assessment (Program)</subfield>
  </datafield>
  <datafield tag="852" ind1="1" ind2=" ">
   <subfield code="a">Ayesha Abed Library</subfield>
   <subfield code="c">General shelf.</subfield>
  </datafield>
  <datafield tag="999" ind1=" " ind2=" ">
   <subfield code="c">13313</subfield>
   <subfield code="d">13313</subfield>
  </datafield>
  <datafield tag="952" ind1=" " ind2=" ">
   <subfield code="0">0</subfield>
   <subfield code="1">0</subfield>
   <subfield code="2">ddc</subfield>
   <subfield code="4">0</subfield>
   <subfield code="6">304_200000000000000_ECO</subfield>
   <subfield code="7">0</subfield>
   <subfield code="9">22210</subfield>
   <subfield code="a">IGS</subfield>
   <subfield code="b">IGS</subfield>
   <subfield code="c">GEN</subfield>
   <subfield code="d">2012-04-22</subfield>
   <subfield code="e">A H Development Publishing House</subfield>
   <subfield code="g">1200.00</subfield>
   <subfield code="l">1</subfield>
   <subfield code="m">2</subfield>
   <subfield code="o">304.2 ECO</subfield>
   <subfield code="p">3010026805</subfield>
   <subfield code="r">2014-06-10</subfield>
   <subfield code="s">2013-05-07</subfield>
   <subfield code="t">1</subfield>
   <subfield code="w">2012-04-22</subfield>
   <subfield code="y">BK</subfield>
  </datafield>
 </record>
</collection>
